000 00282nam a22001097a 4500
008 170118b xxu||||| |||| 00| 0 eng d
020 _a9780833092533
041 _aeng
080 _a618.2
245 _aASSESMENT OF SURFACE SHIP MAINTENANCE REQUIREMENTS
_cBUTTON, R.W
942 _2udc
_cBK
999 _c3059
_d3059